Online
Catalog

Diagnóstico de la situación alimentaria nutricional en los bateyes de República Dominicana / (Record no. 3030)

MARC details
000 -CABECERA
campo de control de longitud fija 01090nam a2200289 u 4500
001 - NÚMERO DE CONTROL
campo de control 000003199
003 - IDENTIFICADOR DEL NÚMERO DE CONTROL
campo de control DO-SdBNP
005 - FECHA Y HORA DE LA ÚLTIMA TRANSACCIÓN
campo de control 20220304094438.0
007 - CAMPO FIJO DE DESCRIPCIÓN FÍSICA--INFORMACIÓN GENERAL
campo de control de longitud fija ta
008 - DATOS DE LONGITUD FIJA--INFORMACIÓN GENERAL
campo de control de longitud fija 090707s2004 dr a r 001 0 spa d
040 ## - FUENTE DE LA CATALOGACIÓN
Centro catalogador/agencia de origen DO-SdBNP
Lengua de catalogación spa
Centro/agencia transcriptor BNPHU
082 4# - NÚMERO DE LA CLASIFICACIÓN DECIMAL DEWEY
Número de clasificación 338.197293
Número de documento/Ítem F962d
Número de edición 22
100 10 - ENTRADA PRINCIPAL--NOMBRE DE PERSONA
Nombre de persona Fulcar, María Altagracia
9 (RLIN) 10111
245 10 - MENCIÓN DE TÍTULO
Título Diagnóstico de la situación alimentaria nutricional en los bateyes de República Dominicana /
Mención de responsabilidad, etc. María Altagracia Fulcar
260 ## - PUBLICACIÓN, DISTRIBUCIÓN, ETC.
Lugar de publicación, distribución, etc. Santo Domingo :
Nombre del editor, distribuidor, etc. Servicio Jesuita a Refugiados y Migrantes,
Fecha de publicación, distribución, etc. 2004.
300 ## - DESCRIPCIÓN FÍSICA
Extensión 88 p. :
Otras características físicas il. ;
Dimensiones 22 cm.
490 0# - MENCIÓN DE SERIE
Mención de serie Relaciones Dominico-Haitianas
Designación de volumen o secuencia 3
500 ## - NOTA GENERAL
Nota general Contiene índice.
504 ## - NOTA DE BIBLIOGRAFÍA, ETC.
Nota de bibliografía, etc. Incluye referencias bibliográfícas y notas al píe de página.
590 ## - NOTA LOCAL (RLIN)
Nota local Inventariado, 2022 / SA
650 #4 - PUNTO DE ACCESO ADICIONAL DE MATERIA--TÉRMINO DE MATERIA
Término de materia o nombre geográfico como elemento de entrada Nutrición
Subdivisión geográfica República Dominicana
9 (RLIN) 10112
650 #4 - PUNTO DE ACCESO ADICIONAL DE MATERIA--TÉRMINO DE MATERIA
Término de materia o nombre geográfico como elemento de entrada Desnutrición
Subdivisión general Prevención
Subdivisión geográfica República Dominicana
9 (RLIN) 10113
650 #4 - PUNTO DE ACCESO ADICIONAL DE MATERIA--TÉRMINO DE MATERIA
Término de materia o nombre geográfico como elemento de entrada Trabajadores del azúcar
Subdivisión geográfica República Dominicana
9 (RLIN) 10114
830 #0 - PUNTO DE ACCESO ADICIONAL DE SERIE-TÍTULO UNIFORME
Título uniforme Relaciones Dominico-Haitianas
Número de parte o sección de la obra 3
9 (RLIN) 10116
910 ## - DATOS DE OPCIÓN DEL USUARIO (OCLC)
Datos de opción del usuario Saquino
942 ## - ELEMENTOS DE PUNTO DE ACCESO ADICIONAL (KOHA)
Fuente del sistema de clasificación o colocación Dewey Decimal Classification
Tipo de ítem Koha Libro
Holdings
Estado de retiro Estado de pérdida Fuente del sistema de clasificación o colocación Restricciones de uso No para préstamo Código de colección Localización permanente Ubicación/localización actual Ubicación en estantería Fecha de adquisición Fuente de adquisición Total de préstamos Signatura topográfica completa Código de barras Fecha visto por última vez Precio válido a partir de Tipo de ítem Koha Nota pública
    Dewey Decimal Classification Préstamo restringido   Patrimonio Dominicano Biblioteca Nacional Pedro Henríquez Ureña Biblioteca Nacional Pedro Henríquez Ureña Depósito 07.07.2009 Deposito Legal   BNPHU PD 338.197293 F962d 3199-10 25.06.2020 25.06.2020 Libro S/A

Powered by Koha